Catalog

Record Details

Catalog Search



The coldest winter : America and the Korean War / ... Read More

Available copies

  • 4 of 4 copies available at LARL/NWRL Consortium. (Show)
  • 4 of 4 copies available at Northwest Regional Library.

Current holds

0 current holds with 4 total copies.

Show Only Available Copies
Location Call Number / Copy Notes Barcode Shelving Location Status Due Date
Godel Memorial-Warren Library 951.9042 HAL (Text) 35500004205769 Main Available -
Hallock Public Library 951.9042 HAL (Text) 35500004205884 Main Available -
Red Lake Falls Public Library 951.9042 HAL (Text) 35500004150080 Main Available -
Warroad Public Library 951.9042 HAL (Text) 35500004147870 Main Available -

Record details

  • ISBN: 9781401300524
  • ISBN: 1401300529
  • Physical Description: 719 p. ; 25 cm.
  • Edition: 1st ed.
  • Publisher: New York : Hyperion, 2007.
Subject: Korean War, 1950-1953 > United States.
LDR 01461cam a22003498a 4500
00182552
003LARL_NWRL_CONSORTIUM
00520070802124705.0
008070112s2007 nyu 000 0 eng
010 . ‡a2007001635
020 . ‡a9781401300524
020 . ‡a1401300529
035 . ‡a(OCoLC)137324872
040 . ‡aDLC ‡cDLC ‡dBAKER ‡dYDXCP ‡dBTCTA ‡dIK2
043 . ‡an-us--- ‡aa-kr---
08200. ‡a951.904/240973 ‡222
1001 . ‡aHalberstam, David. ‡0(LARL_NWRL_CONSORTIUM)55623
24514. ‡aThe coldest winter : ‡bAmerica and the Korean War / ‡cDavid Halberstam.
24630. ‡aAmerica and the Korean War
250 . ‡a1st ed.
260 . ‡aNew York : ‡bHyperion, ‡c2007.
300 . ‡a719 p. ; ‡c25 cm.
650 0. ‡aKorean War, 1950-1953 ‡zUnited States. ‡0(LARL_NWRL_CONSORTIUM)165856
901 . ‡a82552 ‡bOCLC ‡c82552 ‡tbiblio

Additional Resources